UBT Library

Social psychology / (Record no. 44979)

000 -LEADER
fixed length control field 00853cam a2200265 i 4500
001 - CONTROL NUMBER
control field 18102099
005 - DATE AND TIME OF LATEST TRANSACTION
control field 20180314051612.0
008 - FIXED-LENGTH DATA ELEMENTS--GENERAL INFORMATION
fixed length control field 140403t20152015coua b 001 0 eng
010 ## - LIBRARY OF CONGRESS CONTROL NUMBER
LC control number 2014011421
020 ## - INTERNATIONAL STANDARD BOOK NUMBER
International Standard Book Number 9780813349503 (paperback)
020 ## - INTERNATIONAL STANDARD BOOK NUMBER
Cancelled/invalid ISBN 9780813349510 (e-book)
040 ## - CATALOGING SOURCE
Original cataloging agency DLC
Language of cataloging eng
Transcribing agency DLC
Description conventions rda
Modifying agency DLC
041 ## - LANGUAGE CODE
Language code of text/sound track or separate title eng
042 ## - AUTHENTICATION CODE
Authentication code pcc
080 ## - UNIVERSAL DECIMAL CLASSIFICATION NUMBER
Universal Decimal Classification number 302 MYE
082 00 - DEWEY DECIMAL CLASSIFICATION NUMBER
Classification number 302 MYE
Edition number 23
084 ## - OTHER CLASSIFICATION NUMBER
Classification number SOC000000
-- SOC026000
-- PSY000000
-- PSY031000
Source of number bisacsh
100 1# - Rafti
Rafti 48
101 ## - Shkurtesa
Shkurtesa PSI
245 10 - TITLE STATEMENT
Title Social psychology /
Statement of responsibility, etc John D. DeLamater, Daniel J. Myers, Jessica L. Collett.
504 ## - BIBLIOGRAPHY, ETC. NOTE
Bibliography, etc Includes bibliographical references and index.
906 ## - LOCAL DATA ELEMENT F, LDF (RLIN)
a 7
b cbc
c orignew
d 1
e ecip
f 20
g y-gencatlg
942 ## - ADDED ENTRY ELEMENTS (KOHA)
Source of classification or shelving scheme
Item type Books
Holdings
Withdrawn status Lost status Source of classification or shelving scheme Damaged status Not for loan Collection code Permanent location Current location Shelving location Date acquired Total Checkouts Full call number Barcode Date last seen Price effective from Koha item type
          Koleksioni i përgjithshem UBT - Lipjan UBT - Lipjan Koleksioni i përgjithshem 03/14/2018   302 MYE 002-3001763 03/14/2018 03/14/2018 Books
UBT Library © 2015-2024. All rights reserved University Education for Business and Technology